Hacia una política de desarrollo local con participación ciudadana como oportunidad para construir la convivencia pacífica sostenible en Colombia (Registro nro. 82277)
[ vista simple ]
| 000 -CABECERA | |
|---|---|
| campo de control de longitud fija | 00842nam a2200229Ia 4500 |
| 001 - NÚMERO DE CONTROL | |
| campo de control | 82277 |
| 003 - IDENTIFICADOR DEL NÚMERO DE CONTROL | |
| campo de control | 159140 |
| 005 - FECHA Y HORA DE LA ÚLTIMA TRANSACCIÓN | |
| campo de control | 20250511062539.0 |
| 008 - DATOS DE LONGITUD FIJA--INFORMACIÓN GENERAL | |
| campo de control de longitud fija | ||||||n9999 ||| || || |
| 245 #0 - MENCIÓN DE TÍTULO | |
| Título | Hacia una política de desarrollo local con participación ciudadana como oportunidad para construir la convivencia pacífica sostenible en Colombia |
| 562 ## - NOTA DE IDENTIFICACIÓN DE LA COPIA Y VERSIÓN | |
| Número de copias | 1 |
| 650 ## - PUNTO DE ACCESO ADICIONAL DE MATERIA--TÉRMINO DE MATERIA | |
| Término de materia o nombre geográfico como elemento de entrada | ANALISIS DE ESTRATEGIAS |
| 9 (RLIN) | 2773 |
| 650 #0 - PUNTO DE ACCESO ADICIONAL DE MATERIA--TÉRMINO DE MATERIA | |
| Término de materia o nombre geográfico como elemento de entrada | BOYACÁ (COLOMBIA) |
| 9 (RLIN) | 9589 |
| 650 ## - PUNTO DE ACCESO ADICIONAL DE MATERIA--TÉRMINO DE MATERIA | |
| Término de materia o nombre geográfico como elemento de entrada | CONVIVENCIA PACIFICA |
| 9 (RLIN) | 3030 |
| 650 #0 - PUNTO DE ACCESO ADICIONAL DE MATERIA--TÉRMINO DE MATERIA | |
| Término de materia o nombre geográfico como elemento de entrada | Desarrollo local |
| 9 (RLIN) | 12858 |
| 650 #0 - PUNTO DE ACCESO ADICIONAL DE MATERIA--TÉRMINO DE MATERIA | |
| Término de materia o nombre geográfico como elemento de entrada | Desarrollo social |
| 9 (RLIN) | 2791 |
| 650 #0 - PUNTO DE ACCESO ADICIONAL DE MATERIA--TÉRMINO DE MATERIA | |
| Término de materia o nombre geográfico como elemento de entrada | Participación ciudadana |
| 9 (RLIN) | 10525 |
| 650 ## - PUNTO DE ACCESO ADICIONAL DE MATERIA--TÉRMINO DE MATERIA | |
| Término de materia o nombre geográfico como elemento de entrada | TESIS Y DISERTACIONES ACADÉMICAS |
| 9 (RLIN) | 103267 |
| 650 ## - PUNTO DE ACCESO ADICIONAL DE MATERIA--TÉRMINO DE MATERIA | |
| Término de materia o nombre geográfico como elemento de entrada | VIOLENCIA--ASPECTOS POLÍTICOS |
| 9 (RLIN) | 1137 |
| 650 #0 - PUNTO DE ACCESO ADICIONAL DE MATERIA--TÉRMINO DE MATERIA | |
| Término de materia o nombre geográfico como elemento de entrada | Especialización en Administración Pública Contemporánea (Bogotá) |
| 9 (RLIN) | 101120 |
| 942 ## - ELEMENTOS DE PUNTO DE ACCESO ADICIONAL (KOHA) | |
| Tipo de ítem Koha | Tesis |
| Estado de retiro | Estado de pérdida | Estado dañado | No para préstamo | Código de colección | Localización permanente | Ubicación/localización actual | Coste, precio normal de compra | Total de préstamos | Signatura topográfica completa | Código de barras | Número de copia | Tipo de ítem Koha |
|---|---|---|---|---|---|---|---|---|---|---|---|---|
| Trabajos de Grado | Bogotá - Sede Central | Bogotá - Sede Central | 0.00 | BOG138 2001 | 91452 | 1 | Tesis |

